| 000 | 01593cam a2200277 4500 | ||
|---|---|---|---|
| 001 | ##L135370 | ||
| 002 | ##10130 | ||
| 008 | 061020n2006 000 0 eng u | ||
| 020 |
_a1405152710 _a9781405152716 |
||
| 035 | _a(Sirsi) u135370 | ||
| 041 | 0 | _aeng | |
| 050 | 0 | 4 | _a692.8 $2 18 |
| 100 | 1 | _aChappell, David | |
| 245 | 0 | 4 | _aThe JCT Minor Works Building Contracts 2005 |
| 250 | _a4th ed. | ||
| 260 |
_aOxford _bBlackwell _c2006 |
||
| 300 |
_axi, 249p. _c25cm. |
||
| 350 | _a45 | ||
| 505 | 1 | _aThe purpose and use of MW and MWD -- Contract comparisons -- Contract documents and insurance -- Architect -- Contractor -- Employer -- Quantity surveyor and clerk of works -- Subcontractors and suppliers -- Possession, completion and defects -- Claims -- Payment -- Termination -- Contractor's designed portion -- Dispute resolution procedures -- Table of cases | |
| 520 | _aDiscusses the practical applications of the revised JCT Minor Works Building Contract (2005 Edition) and the new Minor Works Building Contract with Contractor's Design (2005 Edition). Outlines the legal aspects of the form, with reference to flow charts, tables and sample letters. Takes into account around 30 new cases and the 2004 editions of the RIBA conditions of engagement. | ||
| 650 | 2 | 4 | _aJCT MINOR WORKS BUILDING CONTRACT (2005 EDITION) |
| 650 | 2 | 4 | _aJCT MINOR WORKS BUILDING CONTRACT WITH CONTRACTOR'S DESIGN (2005 EDITION) |
| 651 | 4 |
_aUnited Kingdom _y |
|
| 690 | _aBUILT ENVIRONMENT-BUILDING CONTRACT FORMS-STANDARD FORMS OF BUILDING CONTRACT-JOINT CONTRACTS TRIBUNAL CONTRACTS | ||
| 942 | _n0 | ||
| 999 |
_c106028 _d106028 |
||